00635nam a2200157Ia 4500008004100000020001800041082001600059100002300075245009400098260002200192300001000214500001400224650011700238952010500355999001700460120629s9999 xx 000 0 und d a968-24-6624-5 a300.1 B849e aBriones, Guillermo aEpistemología y teorías de las ciencias sociales y de educación / Guillermo Briones aMéxico: Trillas a198 p aÍndices a1. FILOSOFIA DE LAS CIENCIAS SOCIALES \ 2. EDUCACION-FILOSOFIA \ 3. CIENCIAS SOCIALES-ESTUDIO Y ENSEÑANZAÌ 00104070a15b15d2006-06-14l1o300.1 B849Ep15 000875r2017-12-07s2017-05-15t1w2012-06-28yLB c74847d74847